00725nam a22002297a 4500003000500000005001700005008004100022010001000063011001000073035001000083040000900093100003200102245009500134260004000229300001000269502010500279650001400384650002900398650002600427650002400453650001800477CHAP20220329140930.0971013s1996 r 00010 d a59979 a60951 a65115 cCHAP00aMorales Martínez, Manuel. aParcelas experimentales de aclareos en Pinus patula Schl. et Cham. en Huauchinango, Puebla aChapingo, Méx. :bEl autor,c1996 a70 h. aTesis (Ing. Forestal con orientación en Silvicultura) -- UACH. Departamento de Ciencias Forestales14aAclareos.14aParcelas experimentales.14aPináceasxAclareos.14aPináceasxPuebla.14aPinus patula.